[Event "Copenhagen Bronshoj op"]
[Site "Copenhagen"]
[Date "2017.02.12"]
[Round "3"]
[White "Andersen, Soren Mikkel"]
[Black "Hultin Rasmussen, Steen"]
[Result "1/2-1/2"]
[WhiteElo "2088"]
[BlackElo "1880"]
[PlyCount "82"]
[EventDate "2017.02.10"]
[EventType "swiss"]
[EventRounds "7"]
[EventCountry "DEN"]
[SourceTitle "CBM 176 Extra"]
[Source "ChessBase"]
[SourceDate "2017.03.02"]
[SourceVersion "1"]
[SourceVersionDate "2017.03.02"]
[SourceQuality "1"]

1. d4 d5 2. c4 e6 3. Nc3 Nf6 4. Bg5 Nbd7 5. e3 c6 6. Nf3 Qa5 7. cxd5 exd5 8. Bd3 Bd6 9. 0-0 0-0 10. a3 Re8 11. Qc2 h6 12. Bh4 Qc7 13. Rac1 a6 14. Rfe1 g5 15. Bg3 Bxg3 16. hxg3 Nf8 17. Ne5 Be6 18. b4 Qd6 19. Qb2 Ng4 20. Na4 Nd7 21. Nxd7 Bxd7 22. Nb6 Rad8 23. Nxd7 Qxd7 24. Qc2 Qd6 25. Rb1 h5 26. Qd1 Qf6 27. Qf3 Kg7 28. a4 Rd6 29. Qf5 Qxf5 30. Bxf5 Nxf2 31. b5 axb5 32. axb5 Rf6 33. Rf1 Ne4 34. Bxe4 Rxe4 35. Rxf6 Kxf6 36. Kf2 Kf5 37. Ra1 Re7 38. b6 f6 39. Ra8 Kg6 40. Rc8 Kf7 41. Rh8 Kg6 1/2-1/2

[Event "Copenhagen Bronshoj op"]
[Site "Copenhagen"]
[Date "2017.02.11"]
[Round "2"]
[White "Hultin Rasmussen, Steen"]
[Black "Koch Mueller, Oscar"]
[Result "1-0"]
[WhiteElo "1880"]
[BlackElo "1644"]
[PlyCount "121"]
[EventDate "2017.02.10"]
[EventType "swiss"]
[EventRounds "7"]
[EventCountry "DEN"]
[SourceTitle "CBM 176 Extra"]
[Source "ChessBase"]
[SourceDate "2017.03.02"]
[SourceVersion "1"]
[SourceVersionDate "2017.03.02"]
[SourceQuality "1"]

1. e4 e5 2. Nf3 Nc6 3. Bc4 Bc5 4. c3 Nf6 5. d4 exd4 6. cxd4 Bb4+ 7. Bd2 Nxe4 8. Bxb4 Nxb4 9. Bxf7+ Kxf7 10. Qb3+ d5 11. Qxb4 Re8 12. 0-0 Kg8 13. Nc3 c6 14. Ne5 Nf6 15. Rae1 Nd7 16. Nf3 Nf6 17. Rxe8+ Qxe8 18. Re1 Qf8 19. Qb3 b5 20. Qc2 Bd7 21. Nb1 Re8 22. Qc1 Qb4 23. Qd2 Rxe1+ 24. Nxe1 Qxd2 25. Nxd2 Bf5 26. f3 Kf7 27. g4 Bg6 28. Nb3 Ke7 29. Kf2 Nd7 30. Na5 Kd6 31. b4 Nb6 32. Ng2 Bb1 33. a3 Nc4 34. Nxc4+ dxc4 35. Ne3 Ke6 36. Nd1 Kf6 37. h4 Ke6 38. Ke3 g6 39. Nc3 Bd3 40. Kf4 Kf6 41. a4 a6 42. a5 h6 43. d5 cxd5 44. Nxd5+ Ke6 45. Nc7+ Kd6 46. Nxa6 c3 47. Ke3 c2 48. Kd2 Be2 49. Kxc2 Bxf3 50. g5 hxg5 51. hxg5 Kd5 52. Kc3 Be2 53. Nc7+ Kd6 54. Ne8+ Kd7 55. Nf6+ Ke6 56. Kd4 Kf5 57. Ne4 Ke6 58. a6 Bc4 59. Nc3 Bf1 60. a7 Bg2 61. Ne4 1-0